=LDR 00000nam 2200000 4500 =001 INLIS000000001054547 =005 20260212080707 =035 ##$$a 0010-0226000101 =007 ta =008 260212################g##########0#ind## =020 ##$$a 978-623-09-7220-1 =082 ##$$a 899.221 3 =084 ##$$a 899.221 3 SRI r =100 #$$a Sri Puji Hartini =245 1#$$a Rintik terakhir /$c Sri Puji Hartini =250 ##$$a cetakan pertama =260 ##$$a Depok :$b Skuad,$c 2024 =300 ##$$a 364 halaman ; $c 14 x 20 cm =500 ##$$a Biografi :halaman363 =600 #4$$a Fiksi Indonesia =990 ##$$a 09060906 =990 ##$$a 09060906 =990 ##$$a 09060906 =990 ##$$a 09060906